Sélection de Tuiles - Personnages Disney - Statistiques

Statistiques générales
  • Ce quiz a été pris 104 fois
  • Le résultat moyen est 94 sur 128
Statistiques - réponses
Question Tuile Select % Correct
La Reine des neiges Anna Oui
93%
Le Livre de la jungle Buggy Non
93%
Toy Story Buzz l'Éclair Oui
93%
La Reine des neiges Elsa Oui
93%
Le Livre de la jungle Fonky Non
93%
Blanche-Neige et les Sept Nains Grincheux Oui
93%
La Reine des neiges Kerda Non
93%
La Belle et la Bête La Bête Oui
93%
La Reine des neiges Olaf Oui
93%
Toy Story Razmo Non
93%
Le Livre de la jungle Roma Non
93%
Le Roi Lion Scar Oui
93%
Le Roi Lion Simba Oui
93%
Toy Story Woody Oui
93%
Blanche-Neige et les Sept Nains Atchoum Oui
92%
La Belle et la Bête Belle Oui
92%
Le Livre de la jungle Claps Non
92%
Blanche-Neige et les Sept Nains Dormeur Oui
92%
La Reine des neiges Jai Non
92%
Le Roi Lion Kavi Non
92%
La Reine des neiges Maria Non
92%
Toy Story Monsieur Patate Oui
92%
La Reine des neiges Sven Oui
92%
Le Livre de la jungle Baloo Oui
91%
Blanche-Neige et les Sept Nains Blanche-Neige Oui
91%
Les Aristochats Camembert Non
91%
Le Livre de la jungle Daisy Non
91%
Blanche-Neige et les Sept Nains Endormi Non
91%
Le Roi Lion Lana Non
91%
Toy Story Madame Levis Non
91%
La Belle et la Bête Monsieur d'Orque Non
91%
Le Livre de la jungle Mowgli Oui
91%
Le Roi Lion Mufasa Oui
91%
La Reine des neiges Olivia Non
91%
Le Roi Lion Pumbaa Oui
91%
La Reine des neiges Riff Non
91%
Blanche-Neige et les Sept Nains Simplet Oui
91%
Le Livre de la jungle Zag Non
91%
Le Roi Lion Zara Non
91%
Le Livre de la jungle Bagheera Oui
90%
Blanche-Neige et les Sept Nains Discret Non
90%
La Reine des neiges Hans Oui
90%
Le Roi Lion Nala Oui
90%
Blanche-Neige et les Sept Nains Sage Non
90%
Toy Story Sarah Non
90%
Le Roi Lion Shari Non
90%
Le Roi Lion Timon Oui
90%
Blanche-Neige et les Sept Nains Triste Non
90%
Toy Story Andy Oui
89%
Les Aristochats Duchesse Oui
89%
Pinocchio Geppetto Oui
89%
La Reine des neiges Kristoff Oui
89%
La Reine des neiges Loken Non
89%
Pinocchio Ordure Non
89%
Blanche-Neige et les Sept Nains Timide Oui
89%
Le Roi Lion Azu Non
88%
Blanche-Neige et les Sept Nains Joyeux Oui
88%
Toy Story Moby Non
88%
Toy Story Zigzag Oui
88%
Pinocchio Fenomeno Non
87%
La Belle et la Bête Gaston Oui
87%
La Belle et la Bête Les Jumelles Non
87%
Pinocchio Pinocchio Oui
87%
Blanche-Neige et les Sept Nains Bavard Non
86%
Toy Story Jambon Non
86%
Le Livre de la jungle Kaa Oui
86%
La Belle et la Bête Lumière Oui
86%
Blanche-Neige et les Sept Nains Prof Oui
86%
Le Livre de la jungle Shere Khan Oui
86%
Le Roi Lion Zazu Oui
86%
Les Aristochats Bernard Non
85%
Les Aristochats Berlioz Oui
84%
Toy Story La Bergère Oui
84%
Toy Story Rex Oui
84%
Le Roi Lion Safina Non
84%
Pinocchio Stambouli Non
84%
Pinocchio Calypso Non
82%
Pinocchio Jiminy Cricket Oui
82%
Les Aristochats Marie Oui
82%
Le Roi Lion Rafiki Oui
82%
Les Aristochats Louise Non
81%
La Belle et la Bête Big Ben Oui
80%
Toy Story Penny Non
78%
Les Aristochats Toulouse Oui
76%
Pinocchio Le Charretier Non
75%
Le Livre de la jungle Le Roi Louie Oui
75%
Les Aristochats César Non
74%
Les Aristochats Thomas O'Malley Oui
74%
Les Aristochats Amélie Bécasse Non
73%
Pinocchio Petit Coquin Non
70%
Pinocchio Figaro Oui
69%
La Belle et la Bête La Bibliothèque Non
69%
Les Aristochats Edgar Oui
65%
La Belle et la Bête Madame Samovar Oui
63%
La Belle et la Bête Zip Oui
59%
Pinocchio La Fée Bleue Oui
57%
La Belle et la Bête Tasse Non
57%
La Belle et la Bête Maurice Oui
56%
Toy Story Bayonne Oui
53%
Pinocchio Stromboli Oui
53%
La Reine des neiges Le Duc de Weselton Oui
52%
Le Roi Lion Sarabi Oui
51%
Pinocchio Gédéon Oui
48%
Les Aristochats Madame Adélaïde de Bonnemain Non
48%
La Belle et la Bête Philibert Oui
48%
Pinocchio Cléo Oui
47%
Les Aristochats Lafayette Oui
46%
Blanche-Neige et les Sept Nains Le Chasseur Humbert Oui
44%
Les Aristochats Napoléon Oui
44%
La Belle et la Bête Plumeau Non
44%
La Belle et la Bête Le Fou Oui
43%
Blanche-Neige et les Sept Nains Le Prince Florian Oui
43%
Le Roi Lion Shenzi Oui
43%
Les Aristochats Roquefort Oui
41%
Toy Story Sid Oui
41%
Pinocchio Monstro Oui
38%
Le Livre de la jungle Akela Oui
36%
Le Livre de la jungle Le Colonel Hathi Oui
32%
Blanche-Neige et les Sept Nains La Reine Grimhilde Oui
29%
Pinocchio Crapule Oui
25%
Toy Story Be, Bop et Lula Oui
23%
La Reine des neiges Grand Pabbie Oui
16%
Le Livre de la jungle Winifred Oui
8%
Le Livre de la jungle Junior Oui
7%
Les Aristochats Shun Gon Oui
4%
La Belle et la Bête Sultan Oui
4%
La Reine des neiges Sitron Oui
3%
La Reine des neiges Bulda Oui
1%
Aucun quiz correspondant
Distribution des résultats
% des personnes avec chaque résultat
Percentile par nombre de réponses
Votre historique - résultats
Vous n’avez pas pris ce quiz